000 00441nam a2200181Ia 4500
001 24264
005 20260414151031.0
008 260414t2008||||xx |||||||||||||| ||spa||
041 _aESP
082 _a345.2
_bC56 2008
100 _aChocano Núñez, Percy
_eAUT
245 0 _aDerecho probatorio y derecho humanos
_b
260 _c2008
300 _a892 páginas :
_ccm.
650 _aDER
654 _aCDE
942 _cLIB
_dJUS
_fJUS
_2ddc
_n
999 _c24264
_d24264